000 00605nam a2200169 a 4500
001 000033172
005 20200930070056.0
008 110818s1984 dr 000 0 spa d
020 _a843590377X
040 _aDO-SdBNP
_bspa
_cBNPHU
100 1 _aColón Zayas, Eliseo
_922735
245 1 0 _aLiteratura del Caribe antología :
_bsiglos XIX y XX Puerto Rico, Cuba, República Dominicana /
_cEliseo Colón Zayas.
260 _aMadrid :
_bEditorial Playor,
_c1984.
300 _a418 p. ;
_c23 cm.
500 _aIncluye referencias bibliográficas y notas al pie de las páginas
590 _aInventariado, 2019/VM
999 _c32663
_d32663